| 000 | 00584nam a2200181Ia 4500 | ||
|---|---|---|---|
| 008 | 151202s9999||||xx |||||||||||||| ||und|| | ||
| 082 | _bPNVM-53168 | ||
| 100 | _aमाडगूळकर ग.दि. | ||
| 245 | _aभाताचे फूल. | ||
| 260 | _b"कुलकर्णी ग्रंथागार, पुणे." | ||
| 260 | _c1979 | ||
| 300 | _a146 | ||
| 600 | _aमाडगूळकर ग.दि. | ||
| 630 | _aभाताचे फूल. | ||
| 700 | _aमाडगूळकर ग.दि. | ||
| 730 | _aभाताचे फूल. | ||
| 942 | _cBOOK | ||
| 999 |
_c1319707 _d1319704 |
||